[Event "Ceske Budejovice GM 2018"]
[Site "Ceske Budejovice"]
[Date "2018.06.28"]
[Round "8"]
[White "Simacek, Pavel"]
[Black "Plischki, Sebastian"]
[Result "1-0"]
[WhiteElo "2490"]
[BlackElo "2413"]
[Annotator "TA"]
[PlyCount "141"]
[EventDate "2018.06.21"]
[EventCountry "CZE"]
[SourceTitle "playchess.com"]
[Source "ChessBase"]
[SourceQuality "1"]

{[%evp 21,141,22,25,23,35,11,17,7,62,10,51,0,0,0,0,0,0,0,0,-24,-24,-26,-21,-77,-49,-47,-47,-47,-50,-58,0,-93,-104,-222,-215,-157,-44,-41,-23,-9,0,0,0,0,0,0,63,63,62,50,61,22,24,0,0,0,27,24,28,25,25,28,90,31,31,27,22,20,44,20,27,27,57,35,53,40,64,64,80,71,85,83,169,169,169,155,225,169,154,154,187,81,81,81,114,71,141,154,218,210,221,152,152,152,440,405,4702,4134,5691,5691,5684,5684,5373,5093,29972,1968,1844,1614,5089,1937,29984,29985]} 1. e4 c5 2. Nf3 Nc6 3. d4 cxd4 4. Nxd4 Nf6 5. Nc3 e5 6. Ndb5 d6 7. Bg5 a6 8. Na3 Be6 9. Nc4 {B33: Sicilian: Pelikan and Sveshnikov Variations} Rb8 10. Nd5 Bxd5 11. Bxf6 Qxf6 {LiveBook: 4 Games} 12. exd5 (12. Qxd5 Nb4 13. Qd2 d5 14. a3 dxc4 15. axb4 Rd8 16. Qe3 Qg6 {½-½ (30) Harikrishna,P (2752)-Radjabov,T (2722) Monzon 2016}) 12... Ne7 13. g3 $146 ({Predecessor:} 13. c3 b5 14. Ne3 Nf5 15. Nc2 Nh4 16. Nb4 Be7 17. Nxa6 {½-½ (56) Zielinski,S (2102)-Szabo,M (2138) LSS email 2010}) 13... g6 14. Bh3 Bg7 (14... Nc8 $1 $11) 15. O-O ({White should play} 15. Nb6 $14 Qg5 16. c3) 15... b5 16. Nd2 ({White should try} 16. Na5 $1 $14) 16... Nc8 $11 17. a4 O-O 18. axb5 axb5 19. Qe2 Qd8 20. Ra6 f5 21. Rfa1 e4 22. R1a5 (22. Ra8 $11 {remains equal.} Ne7 23. Rxb8 Qxb8 24. Bf1) 22... Bxb2 23. Rxb5 Rxb5 24. Qxb5 Bd4 25. Nb3 Be5 (25... Bb6 $15) 26. Bf1 {[#]} (26. Qc4 $11 {keeps the balance.}) 26... f4 $1 $17 27. Qe2 {[#]} (27. Nd2 $17 {was the only chance.} fxg3 28. hxg3) 27... e3 $1 $19 {[%cal Re3f2][%mdl 512] ...exf2+ is the strong threat.} 28. g4 (28. fxe3 fxg3) 28... exf2+ (28... Qg5 $17 29. f3 Ne7) 29. Qxf2 $15 f3 30. Nd4 Qg5 31. Ne6 Qxg4+ 32. Kh1 Re8 33. Bb5 {[#]} Rxe6 (33... Bd4 $1 $11 {[%mdl 512]} 34. Nxd4 Re1+ 35. Bf1 Qh4) 34. dxe6 $14 Ne7 {[#]} 35. Be2 $1 {[%mdl 512]} Qf4 (35... fxe2 36. Qf7+) 36. Bxf3 Qc1+ 37. Kg2 Qg5+ 38. Kh1 Qc1+ 39. Qg1 Qxc2 40. Bg2 {And now Qf1 would win.} Qc4 41. Qf1 Qxf1+ 42. Bxf1 $11 {[%mdl 4096] Endgame Strongly threatening Ra7. KRB-KBN} Kg7 $1 43. Bb5 Kf6 44. Bd7 d5 45. Ra8 {Threatens to win with Rf8+.} Kf5 46. Kg2 d4 47. Ra2 Ke4 48. Re2+ Kd5 49. Kf3 Bd6 50. Ra2 Bb4 51. Rb2 Kc4 (51... Bc5 $16 {was called for.} 52. Ke2 Ke4) 52. Ke4 $18 d3 53. Ba4 d2 (53... Nf5 $16 54. Rb1 Nd6+ 55. Ke5 Nf5) 54. Rb1 Nf5 55. Bd1 Bc3 56. Bg4 (56. Rb6 $18 {is more deadly.}) 56... Nd6+ $16 57. Ke3 {Black must now prevent Ke2.} h5 58. Bh3 {Hoping for Ke2.} Bf6 (58... Kd5 $142) 59. Kxd2 Ne4+ (59... Kd4 $16 60. Kc2 Be7) 60. Ke3 $18 Ng5 61. Rb7 Nxh3 62. Rd7 Bg5+ $2 (62... Kc5 $16) 63. Kf3 Ng1+ (63... Bf6 $142 64. e7 Ng5+ 65. Kg3 Ne4+ 66. Kf4 Nd6 67. Rxd6 Bxe7 68. Rxg6 Kd5) 64. Ke4 Ne2 65. Rc7+ Kb5 66. e7 Nc3+ 67. Ke5 Bf4+ 68. Ke6 (68. Kd4 $142 Bxc7 69. Kxc3 Bxh2 70. e8=Q+ Kc5 71. Qxg6 Be5+ 72. Kd3 h4 73. Qh5) 68... Bxc7 69. e8=Q+ Kb6 70. Qxg6 (70. Kd7 $142 Nb5 71. Qxg6+ Kc5 72. Qg1+ Kd5 73. Qc1) 70... Bxh2 71. Qc2 {Precision: White = 49%, Black = 45%.} 1-0

[Event "Ceske Budejovice GM 2018"]
[Site "Ceske Budejovice"]
[Date "2018.06.28"]
[Round "8"]
[White "Svoboda, Svatopluk"]
[Black "Ovsejevitsch, Sergei"]
[Result "1/2-1/2"]
[WhiteElo "2434"]
[BlackElo "2602"]
[Annotator "TA"]
[PlyCount "36"]
[EventDate "2018.06.21"]
[EventCountry "CZE"]
[SourceTitle "playchess.com"]
[Source "ChessBase"]
[SourceQuality "1"]

{[%evp 22,36,20,33,35,27,44,47,42,48,43,45,55,37,45,34,45]} 1. e4 c5 2. Nf3 d6 3. d4 cxd4 4. Nxd4 Nf6 5. f3 Qb6 6. c4 Nc6 7. Nc2 e6 8. Nc3 Be7 {B55: Sicilian: 2...d6 3 d4 cxd4 4 Nxd4 Nf6 5 f3} 9. Rb1 O-O 10. Be3 Qc7 11. Be2 a6 12. O-O {LiveBook: 5 Games} Ne5 13. Qd4 Ned7 14. Rbc1 {White is slightly better.} b6 15. Rfd1 Bb7 16. Qd2 {[#]} Rac8 $146 17. Bf1 Qb8 18. Kh1 Rfe8 1/2-1/2

[Event "Ceske Budejovice GM 2018"]
[Site "Ceske Budejovice"]
[Date "2018.06.28"]
[Round "8"]
[White "Nguyen, Piotr"]
[Black "Mirzoev, Azer"]
[Result "1/2-1/2"]
[WhiteElo "2397"]
[BlackElo "2506"]
[Annotator "TA"]
[PlyCount "42"]
[EventDate "2018.06.21"]
[EventCountry "CZE"]
[SourceTitle "playchess.com"]
[Source "ChessBase"]
[SourceQuality "1"]

{[%evp 25,26,-18,-6]} 1. c4 {Sagar Shah} e6 2. g3 d5 3. Bg2 Nf6 4. Nf3 Be7 5. O-O O-O 6. b3 b6 7. Bb2 Bb7 8. e3 c5 9. Nc3 dxc4 10. bxc4 Nc6 11. Qe2 Qc7 12. Rfd1 Rfd8 13. Rac1 a6 {[#]} {Predecessor:} 14. Ba1 $146 Rab8 15. Na4 Ba8 16. d4 Qa7 17. Ng5 h6 18. Ne4 Nxe4 19. Bxe4 Na5 20. d5 b5 21. cxb5 axb5 {1-0 (34) Kramnik,V (2760)-Mista,A (2616) Doha 2014 CBM 164 [Sagar Shah]} 1/2-1/2

[Event "Ceske Budejovice GM 2018"]
[Site "Ceske Budejovice"]
[Date "2018.06.28"]
[Round "8"]
[White "Voloshin, Leonid"]
[Black "Cernousek, Lukas"]
[Result "1/2-1/2"]
[WhiteElo "2383"]
[BlackElo "2462"]
[Annotator "TA"]
[PlyCount "34"]
[EventDate "2018.06.21"]
[EventCountry "CZE"]
[SourceTitle "playchess.com"]
[Source "ChessBase"]
[SourceQuality "1"]

{[%evp 20,21,10,14]} 1. d4 Nf6 2. c4 g6 3. Nf3 Bg7 4. g3 O-O 5. Bg2 d6 6. O-O c5 7. Nc3 Nc6 8. dxc5 dxc5 9. Be3 Ng4 {E65: King's Indian: Fianchetto: 6...c5 7 0-0 without d5 by White} (9... Be6 10. Qa4 Nd4 11. Rad1 Bd7 12. Qa3 Nc2 13. Qxc5 b6 14. Qg5 h6 15. Qf4 g5 16. Qe5 Rc8 17. Nd5 Nxd5 18. Qxd5 Nxe3 19. fxe3 {½-½ (46) Le,Q (2739)-Jumabayev,R (2602) Ashkhabad 2017}) 10. Qxd8 Rxd8 11. Bxc5 {LiveBook: 7 Games} {Predecessor:} Be6 $146 12. h3 Nf6 13. Rfd1 Nd7 14. Bd4 Bxc4 15. Bxg7 Kxg7 16. Nd2 Be6 17. Bxc6 bxc6 {½-½ (49) Esipenko,A (2587)-Paravyan,D (2620) Sochi 2018} 1/2-1/2

[Event "Ceske Budejovice GM 2018"]
[Site "Ceske Budejovice"]
[Date "2018.06.29"]
[Round "9"]
[White "Mirzoev, Azer"]
[Black "Svoboda, Svatopluk"]
[Result "1/2-1/2"]
[WhiteElo "2506"]
[BlackElo "2434"]
[Annotator "ChessBase"]
[PlyCount "31"]
[EventDate "2018.06.21"]
[EventCountry "CZE"]
[SourceTitle "playchess.com"]
[Source "ChessBase"]
[SourceQuality "1"]
[TimeControl "40/5400+30:1800+30"]

1. d4 {[%emt 0:09:08]} Nf6 {[%emt 0:00:54]} 2. c4 {[%emt 0:00:08]} g6 {[%emt 0:00:12]} 3. Nc3 {[%emt 0:00:06]} d5 {[%emt 0:00:16]} 4. Nf3 {[%emt 0:01:06]} Bg7 {[%emt 0:00:20]} 5. Bg5 {[%emt 0:00:14]} Ne4 {[%emt 0:01:25]} 6. Bh4 {[%emt 0:01:02]} Nxc3 {[%emt 0:00:55]} 7. bxc3 {[%emt 0:00:37]} c5 {[%emt 0:01:13]} 8. cxd5 {[%emt 0:02:23]} Qxd5 {[%emt 0:00:20]} 9. e3 {[%emt 0:00:09]} Nc6 {[%emt 0:01:57]} 10. Be2 {[%emt 0:01:49]} cxd4 {[%emt 0:00:51]} 11. cxd4 {[%emt 0:00:07]} O-O {[%emt 0:00:35]} 12. O-O {[%emt 0:00:38]} Bf5 {[%emt 0:02:42]} 13. Qb3 {[%emt 0:04:22]} Qxb3 {[%emt 0:04:57]} 14. axb3 {[%emt 0:00:46]} Rfc8 {[%emt 0:00:38]} 15. Rfc1 {[%emt 0:02:02]} e5 {[%emt 0:05:38]} 16. dxe5 {[%emt 0:04:23]} 1/2-1/2

[Event "Ceske Budejovice GM 2018"]
[Site "Ceske Budejovice"]
[Date "2018.06.29"]
[Round "9"]
[White "Cernousek, Lukas"]
[Black "Nguyen, Piotr"]
[Result "0-1"]
[WhiteElo "2462"]
[BlackElo "2397"]
[Annotator "ChessBase"]
[PlyCount "68"]
[EventDate "2018.06.21"]
[EventCountry "CZE"]
[SourceTitle "playchess.com"]
[Source "ChessBase"]
[SourceQuality "1"]
[TimeControl "40/5400+30:1800+30"]

1. e4 {[%emt 0:00:00]} d6 {[%emt 0:01:33]} 2. d4 {[%emt 0:00:00]} Nf6 {[%emt 0:00:06]} 3. Nc3 {[%emt 0:00:00]} g6 {[%emt 0:00:06]} 4. f4 {[%emt 0:00:35]} Bg7 {[%emt 0:00:05]} 5. Nf3 {[%emt 0:00:04]} O-O {[%emt 0:00:20]} 6. e5 {[%emt 0:00:19]} dxe5 {[%emt 0:00:14]} 7. fxe5 {[%emt 0:00:08]} Nd5 {[%emt 0:00:12]} 8. Bc4 {[%emt 0:01:40]} Be6 {[%emt 0:01:08]} 9. Qe2 {[%emt 0:00:56]} Nxc3 {[%emt 0:06:58]} 10. bxc3 {[%emt 0:00:03]} Bxc4 {[%emt 0:00:06]} 11. Qxc4 {[%emt 0:00:04]} Nc6 {[%emt 0:00:06]} 12. O-O {[%emt 0:17:41]} Na5 {[%emt 0:01:10]} 13. Qd3 {[%emt 0:01:19]} Qd5 {[%emt 0:05:11]} 14. a4 {[%emt 0:20:09]} b6 {[%emt 0:22:24]} 15. Bf4 {[%emt 0:04:45]} c5 {[%emt 0:04:44]} 16. Rae1 {[%emt 0:01:54]} Rac8 {[%emt 0:07:32]} 17. Ng5 {[%emt 0:06:04]} h6 {[%emt 0:12:52]} 18. Ne4 {[%emt 0:01:03]} cxd4 {[%emt 0:00:52]} 19. cxd4 {[%emt 0:07:16]} Qc4 {[%emt 0:00:18]} 20. Qe3 {[%emt 0:19:18]} g5 {[%emt 0:02:49]} 21. Bg3 {[%emt 0:00:30]} Qxc2 {[%emt 0:01:23]} 22. Qf3 {[%emt 0:11:26]} Qxa4 {[%emt 0:04:39]} 23. d5 {[%emt 0:00:05]} Qd4+ {[%emt 0:04:04]} 24. Kh1 {[%emt 0:00:03]} Nc4 {[%emt 0:01:02]} 25. d6 {[%emt 0:05:10]} Nxe5 {[%emt 0:04:38]} 26. Bxe5 {[%emt 0:00:09]} Qxe5 {[%emt 0:00:04]} 27. Ng3 {[%emt 0:00:45]} Rc3 {[%emt 0:05:27]} 28. Qb7 {[%emt 0:01:56]} Qxd6 {[%emt 0:01:32]} 29. Nf5 {[%emt 0:00:22]} Qc7 {[%emt 0:00:35]} 30. Nxe7+ {[%emt 0:00:25]} Kh8 {[%emt 0:00:06]} 31. Qd5 {[%emt 0:00:43]} Qc4 {[%emt 0:04:09]} 32. Qd6 {[%emt 0:00:36]} Rd3 {[%emt 0:04:27]} 33. Ng6+ {[%emt 0:00:29]} Kg8 {[%emt 0:00:28]} 34. Ne7+ {[%emt 0:00:32]} Kh7 {[%emt 0:00:13]} 0-1

[Event "Ceske Budejovice GM 2018"]
[Site "Ceske Budejovice"]
[Date "2018.06.29"]
[Round "9"]
[White "Plischki, Sebastian"]
[Black "Voloshin, Leonid"]
[Result "1/2-1/2"]
[WhiteElo "2413"]
[BlackElo "2383"]
[Annotator "ChessBase"]
[PlyCount "20"]
[EventDate "2018.06.21"]
[EventCountry "CZE"]
[SourceTitle "playchess.com"]
[Source "ChessBase"]
[SourceQuality "1"]
[TimeControl "40/5400+30:1800+30"]

1. d4 {[%emt 0:00:00]} d5 {[%emt 0:00:21]} 2. c4 {[%emt 0:00:00]} e6 {[%emt 0:00:27]} 3. Nc3 {[%emt 0:00:00]} Nf6 {[%emt 0:00:07]} 4. Bg5 {[%emt 0:00:00]} Be7 {[%emt 0:00:08]} 5. e3 {[%emt 0:00:00]} O-O {[%emt 0:00:13]} 6. Nf3 {[%emt 0:00:05]} Nbd7 {[%emt 0:00:16]} 7. Rc1 {[%emt 0:00:07]} c6 {[%emt 0:00:42]} 8. Bd3 {[%emt 0:00:08]} dxc4 {[%emt 0:00:51]} 9. Bxc4 {[%emt 0:00:06]} Nd5 {[%emt 0:00:09]} 10. Bxe7 {[%emt 0:00:06]} Qxe7 {[%emt 0:00:07]} 1/2-1/2

[Event "Ceske Budejovice GM 2018"]
[Site "Ceske Budejovice"]
[Date "2018.06.29"]
[Round "9"]
[White "Bures, Jaroslav"]
[Black "Simacek, Pavel"]
[Result "0-1"]
[WhiteElo "2406"]
[BlackElo "2490"]
[Annotator "ChessBase"]
[PlyCount "74"]
[EventDate "2018.06.21"]
[EventCountry "CZE"]
[SourceTitle "playchess.com"]
[Source "ChessBase"]
[SourceQuality "1"]
[TimeControl "40/5400+30:1800+30"]

1. Nf3 {[%emt 0:00:00]} Nf6 {[%emt 0:00:29]} 2. g3 {[%emt 0:00:00]} d6 {[%emt 0:04:37]} 3. Bg2 {[%emt 0:06:03]} e5 {[%emt 0:00:28]} 4. d3 {[%emt 0:01:06]} Be7 {[%emt 0:02:19]} 5. c4 {[%emt 0:00:30]} O-O {[%emt 0:00:20]} 6. Nc3 {[%emt 0:00:16]} c5 {[%emt 0:06:48]} 7. O-O {[%emt 0:01:03]} Nc6 {[%emt 0:00:03]} 8. a3 {[%emt 0:02:31]} h6 {[%emt 0:00:53]} 9. b4 {[%emt 0:10:54]} cxb4 {[%emt 0:01:18]} 10. Nd5 {[%emt 0:00:18]} bxa3 {[%emt 0:03:35]} 11. Nxe7+ {[%emt 0:01:10]} Qxe7 {[%emt 0:01:02]} 12. Bxa3 {[%emt 0:00:07]} Rd8 {[%emt 0:00:25]} 13. Qb3 {[%emt 0:06:13]} Be6 {[%emt 0:04:41]} 14. Rfb1 {[%emt 0:00:30]} Rab8 {[%emt 0:00:07]} 15. Nd2 {[%emt 0:05:50]} Nd4 {[%emt 0:01:11]} 16. Qd1 {[%emt 0:00:10]} Bg4 {[%emt 0:00:22]} 17. f3 {[%emt 0:00:37]} Be6 {[%emt 0:05:44]} 18. e3 {[%emt 0:02:11]} Nc6 {[%emt 0:00:17]} 19. d4 {[%emt 0:06:32]} exd4 {[%emt 0:07:15]} 20. e4 {[%emt 0:01:47]} Qc7 {[%emt 0:12:35]} 21. Bf1 {[%emt 0:06:20]} Nd7 {[%emt 0:03:09]} 22. f4 {[%emt 0:03:22]} Nc5 {[%emt 0:01:34]} 23. e5 {[%emt 0:06:56]} b6 {[%emt 0:11:44]} 24. Qh5 {[%emt 0:01:41]} Qd7 {[%emt 0:10:55]} 25. exd6 {[%emt 0:05:48]} Bf5 {[%emt 0:01:20]} 26. Re1 {[%emt 0:06:02]} Nd3 {[%emt 0:04:14]} 27. Re7 {[%emt 0:09:31]} Nxe7 {[%emt 0:00:08]} 28. dxe7 {[%emt 0:00:03]} Re8 {[%emt 0:00:44]} 29. Bxd3 {[%emt 0:06:34]} Bxd3 {[%emt 0:00:06]} 30. Re1 {[%emt 0:00:04]} b5 {[%emt 0:07:49]} 31. Qd5 {[%emt 0:00:02]} Rb7 {[%emt 0:00:07]} 32. Qxd7 {[%emt 0:07:14]} Rxd7 {[%emt 0:00:05]} 33. cxb5 {[%emt 0:00:03]} Bxb5 {[%emt 0:00:22]} 34. Kf2 {[%emt 0:00:43]} f6 {[%emt 0:07:05]} 35. Ne4 {[%emt 0:01:30]} Bc6 {[%emt 0:00:12]} 36. Nd6 {[%emt 0:00:04]} Rexe7 {[%emt 0:00:14]} 37. Rc1 {[%emt 0:00:03]} Bd5 {[%emt 0:01:53]} 0-1